Statistics for Hail Mary - Latin

Click here to take the quiz!

General Stats

  • This quiz has been taken 20 times
  • The average score is 20 of 31

Answer Stats

Answer% Correct
Ave
100%
Maria
100%
Mater
82%
Dei
76%
Dominus
76%
tecum
71%
tu
71%
plena
71%
Benedictus
65%
nobis
65%
pro
65%
gratia
65%
ora
65%
in
65%
mortis
59%
hora
59%
nunc
59%
Amen
59%
Sancta
59%
ventris
59%
fructus
59%
et
59%
Benedicta
59%
peccatoribus
53%
mulieribus
53%
nostrae
53%
tui
53%
Iesus
47%

Score Distribution

Percentile by Number Answered

Percent of People with Each Score

Your Score History

You have not taken this quiz